000 00822nam a2200277Ia 4500
005 20220317000617.0
008 160601s2003 ck a g 000 0 spa
020 _a9582814624
082 0 4 _a520
_bP82a
100 1 _aPuerta Restrepo, Germán
245 1 0 _aAstronomía
_bciencia explicada
_cGermán Puerta Restrepo
250 _a1a. edición
300 _a226 páginas
_bilustraciones
_c22 cm
500 _ancluye glosario
650 1 4 _2LEMB
_aAstronomía
650 1 4 _2LEMB
_aVía láctea
650 1 4 _2LEMB
_aUniverso
650 1 4 _2LEMB
_aPlanetas
650 1 4 _2LEMB
_aSistema solar
942 _2ddc
_cBK
264 _aBogotá
_bIntermedio
_c2003
336 _atexto
_btxt
_2rdacontent
337 _asin mediación
_bn
_2rdamedia
338 _avolumen
_bnc
_2rdacarrier
040 _aCO-BoRNBP
_bspa
_erda
_cCO-BoRNBP
999 _c4553
_d4553